[Event "EU-ch U18 26th"]
[Site "Prague"]
[Date "2016.08.20"]
[Round "3"]
[White "Nastase, Robert Paul"]
[Black "Bahmatsiy, Vladislav"]
[Result "0-1"]
[WhiteElo "2163"]
[BlackElo "2296"]
[PlyCount "84"]
[EventDate "2016.08.18"]
[EventType "swiss"]
[EventRounds "9"]
[EventCountry "CZE"]
[SourceTitle "CBM 174 Extra"]
[Source "ChessBase"]
[SourceDate "2016.10.10"]
[SourceVersion "1"]
[SourceVersionDate "2016.10.10"]
[SourceQuality "1"]

1. e4 c5 2. Nf3 d6 3. d4 cxd4 4. Nxd4 Nf6 5. Nc3 a6 6. Be3 e5 7. Nb3 Be6 8. Qd2 Nbd7 9. f3 h5 10. Be2 Qc7 11. 0-0 b5 12. a4 b4 13. Nd5 Bxd5 14. exd5 Nb6 15. Bxb6 Qxb6+ 16. Kh1 g6 17. a5 Qb7 18. Ra4 Bh6 19. Rxb4 Qxd5 20. Qc3 Rd8 21. Bxa6 0-0 22. Bb7 Qe6 23. Rd1 d5 24. a6 h4 25. a7 h3 26. g3 d4 27. Qd3 Nd5 28. Ra4 Nc7 29. Qc4 Qb6 30. Qc6 Qxc6 31. Bxc6 Na8 32. Nc5 Rd6 33. Bxa8 Rxa8 34. Rda1 Rb6 35. b3 Be3 36. Nd7 Rb5 37. Ra5 Rxa5 38. Rxa5 d3 39. cxd3 Bxa7 40. Nxe5 Rc8 41. Nc4 Bd4 42. f4 f6 0-1

[Event "Moscow Dvorkovich Cup U16 9th"]
[Site "Moscow"]
[Date "2014.06.28"]
[Round "1.7"]
[White "Bahmatsiy, Vladislav"]
[Black "Polyantsev, Radzh"]
[Result "1-0"]
[WhiteElo "2177"]
[BlackElo "2071"]
[PlyCount "98"]
[EventDate "2014.06.28"]
[EventType "team-tourn"]
[EventRounds "7"]
[EventCountry "RUS"]
[SourceTitle "CBM 161 Extra"]
[Source "ChessBase"]
[SourceDate "2014.08.29"]
[SourceVersion "1"]
[SourceVersionDate "2014.08.29"]
[SourceQuality "1"]
[WhiteTeam "Ukraine U16"]
[BlackTeam "Dvorkovich Chess Parlour U16"]
[WhiteTeamCountry "UKR"]
[BlackTeamCountry "RUS"]

1. e4 e6 2. d4 d5 3. Nd2 dxe4 4. Nxe4 Nd7 5. Nf3 Ngf6 6. Bd3 c5 7. 0-0 cxd4 8. Nxd4 Be7 9. c3 0-0 10. Qe2 Qc7 11. Bg5 Re8 12. Rfe1 a6 13. Rad1 Nxe4 14. Qxe4 Nf8 15. Bxe7 Qxe7 16. Bc2 e5 17. Ba4 Bd7 18. Nf5 Bxf5 19. Qxf5 b5 20. Bb3 g6 21. Qf3 Kg7 22. Rd5 f6 23. Red1 Rad8 24. a4 bxa4 25. Bxa4 Rxd5 26. Qxd5 Rb8 27. b4 Rc8 28. Qd3 f5 29. g3 e4 30. Qe3 Qe5 31. Rc1 Ne6 32. Bd7 Rc4 33. Bxe6 Qxe6 34. Rd1 Rc7 35. Rd8 Qf6 36. Rd4 h6 37. c4 g5 38. c5 Rf7 39. Rd6 Qe5 40. Kg2 Rc7 41. Qe2 Kh7 42. Qxa6 Qg7 43. Qc4 e3 44. Qe6 Rf7 45. Qxe3 Re7 46. Qd3 Qe5 47. Rd5 Qe4+ 48. Qxe4 Rxe4 49. b5 Rg4 1-0

[Event "EU-ch U14"]
[Site "Prague"]
[Date "2012.08.20"]
[Round "4"]
[White "Bahmatsiy, Vladislav"]
[Black "Nikolovski, Nikola"]
[Result "0-1"]
[WhiteElo "2101"]
[BlackElo "1917"]
[PlyCount "93"]
[EventDate "2012.08.17"]
[EventType "swiss"]
[EventRounds "9"]
[EventCountry "CZE"]
[SourceTitle "CBM 150 Extra"]
[Source "ChessBase"]
[SourceDate "2012.10.19"]
[SourceVersion "1"]
[SourceVersionDate "2012.10.19"]
[SourceQuality "1"]

1. e4 c5 2. Nf3 d6 3. d4 cxd4 4. Nxd4 Nf6 5. Nc3 Nc6 6. Bg5 e6 7. Qd2 a6 8. 0-0-0 h6 9. Nxc6 bxc6 10. Bh4 d5 11. e5 g5 12. Bg3 Nh5 13. Be2 Nxg3 14. hxg3 Bd7 15. f4 Rb8 16. Rdf1 Be7 17. Bh5 Qb6 18. Nd1 d4 19. Rf3 c5 20. Qf2 Bc6 21. Rb3 Qc7 22. Rxb8+ Qxb8 23. Kb1 Qb7 24. f5 Bxg2 25. Re1 Bd5 26. Qf1 0-0 27. f6 Bd8 28. Be2 Be4 29. Bxa6 Qd5 30. Qe2 Bg6 31. Bc4 Qb7 32. Qh2 Kh7 33. Rh1 h5 34. Bd3 Kg8 35. Be2 d3 36. Bxd3 Bc7 37. Re1 Rd8 38. Qd2 c4 39. Qxg5 cxd3 40. Nc3 dxc2+ 41. Kc1 Rb8 42. b3 Qb4 43. Kb2 Ba5 44. Re3 Rc8 45. Qh6 Qf8 46. Qxf8+ Kxf8 47. Ne2 0-1